000 01541nam a2200337 c 4500
003 BLK
005 20190419113529.0
008 180411b bul|||||r ||||||| ||bul||
010 _aKNG00183289000
040 _aBLK
041 _aBUL
_cBUL
080 _aФренска литература
_b821.133.1
_x-31
_z821.133.1-31
100 1 _aЮго, Виктор
_eпърви автор
_9366073
700 1 _aСталева, Лилия Стоянова
_eпрев. от фр.
_9364497
700 1 _aСимов, Пенчо Стефанов
_eпрев. на стиховете
_9377430
700 1 _aСтефанова, Людмила
_eс послесл. от
_gЙомтова, Людмила Стефанова
_9368285
139 _aЮго, Виктор
_bЮ 13
245 1 0 _aПарижката Света Богородица
_bРоман
_cВиктор Юго; прев. от фр. Лилия Стоянова Сталева; прев. на стиховете Пенчо Стефанов Симов; с послесл. от Людмила Стефанова.
257 _aFRA
260 София
_bОтечество
_c1987
300 _a511 с.
_bс портр.
_c21 см
380 _aX
490 1 _aБиблиотека за ученика
500 _aОриг. загл. Notre Dame de Paris. - 1. изд. [1926] на изд. Право. - 170 117 тир.
653 _aромани
852 _aЦб 146788
856 4 _qpdf
_u
856 4 _qpdf
_u
942 _cKNG
_n0
_01
944 _aCR
_c06.10.2015
_kКети_Илиева
944 _aED
_c06.10.2015
_kКети_Илиева
999 _c174786
_d174786